Coping With China India Rivalry :South Asian Dilemmas (Record no. 43614)
[ view plain ]
| 000 -LEADER | |
|---|---|
| fixed length control field | 01718cam a2200361 i 4500 |
| 001 - CONTROL NUMBER | |
| control field | 22834060 |
| 005 - DATE AND TIME OF LATEST TRANSACTION | |
| control field | 20250416144630.0 |
| 008 - FIXED-LENGTH DATA ELEMENTS--GENERAL INFORMATION | |
| fixed length control field | 221019s2023 nju b 001 0 eng |
| 010 ## - LIBRARY OF CONGRESS CONTROL NUMBER | |
| LC control number | 2022049657 |
| 020 ## - INTERNATIONAL STANDARD BOOK NUMBER | |
| International Standard Book Number | 9789811263712 |
| 020 ## - INTERNATIONAL STANDARD BOOK NUMBER | |
| Canceled/invalid ISBN | 9789811263729 |
| 020 ## - INTERNATIONAL STANDARD BOOK NUMBER | |
| Canceled/invalid ISBN | 9789811263736 |
| 041 ## - LANGUAGE CODE | |
| Language code of text/sound track or separate title | eng |
| 042 ## - AUTHENTICATION CODE | |
| Authentication code | pcc |
| 043 ## - GEOGRAPHIC AREA CODE | |
| Geographic area code | a-cc--- |
| -- | a-ii--- |
| -- | az----- |
| 082 00 - DEWEY DECIMAL CLASSIFICATION NUMBER | |
| Classification number | 327.510 MOH |
| 100 ## - MAIN ENTRY--PERSONAL NAME | |
| Author | Raja Mohan, C., |
| 245 00 - TITLE STATEMENT | |
| Title | Coping With China India Rivalry :South Asian Dilemmas |
| 260 ## - PUBLICATION, DISTRIBUTION, ETC. | |
| Place | London |
| Publisher | World Scientific Publishing Co Pte Ltd |
| Publication Year | 2023 |
| 300 ## - PHYSICAL DESCRIPTION | |
| Extent | viii, 129 pages ; 24 cm |
| 504 ## - BIBLIOGRAPHY, ETC. NOTE | |
| Bibliography, etc. note | Includes bibliographical references and index. |
| 520 ## - SUMMARY, ETC. | |
| Summary, etc. | "This volume brings multiple regional voices to assess how the various South Asian nations are dealing with the growing rivalry between India and China. Many of the chapters in this volume were initially published as shorter essays by the Institute of South Asian Studies in its South Asia Discussion Papers series in 2020. Those essays have been updated and expanded in this volume. Additional contributions have also been commissioned to enrich the special perspectives that this volume presents"-- |
| 650 ## - SUBJECT ADDED ENTRY--TOPICAL TERM | |
| Subject | China Foreign Relations India; China Foreign Relations; South Asia India Foreign Relations ; India Foreign Relations |
| 700 1# - ADDED ENTRY--PERSONAL NAME | |
| Co-Author | Raja Mohan, C., |
| 700 1# - ADDED ENTRY--PERSONAL NAME | |
| Co-Author | Singh, Hernaikh, |
| 942 ## - ADDED ENTRY ELEMENTS (KOHA) | |
| Koha item type | Books |
| 264 #1 - PRODUCTION, PUBLICATION, DISTRIBUTION, MANUFACTURE, AND COPYRIGHT NOTICE | |
| Place of production, publication, distribution, manufacture | New Jersey : |
| Name of producer, publisher, distributor, manufacturer | World Scientific, |
| Date of production, publication, distribution, manufacture, or copyright notice | [2023] |
| 336 ## - CONTENT TYPE | |
| Content type term | text |
| Content type code | txt |
| Source | rdacontent |
| 337 ## - MEDIA TYPE | |
| Media type term | unmediated |
| Media type code | n |
| Source | rdamedia |
| 338 ## - CARRIER TYPE | |
| Carrier type term | volume |
| Carrier type code | nc |
| Source | rdacarrier |
| 906 ## - LOCAL DATA ELEMENT F, LDF (RLIN) | |
| a | 7 |
| b | cbc |
| c | orignew |
| d | 1 |
| e | ecip |
| f | 20 |
| g | y-gencatlg |
| Withdrawn status | Lost status | Source of classification or shelving scheme | Damaged status | Not for loan | Home library | Current library | Shelving location | Accession Date | Vendor | Price | Bill number | Total Checkouts | Full call number | Barcode No | Date due | Date last seen | Date last checked out | Discount | Bill Date | Koha item type | Suggested By |
|---|---|---|---|---|---|---|---|---|---|---|---|---|---|---|---|---|---|---|---|---|---|
| Dewey Decimal Classification | IMTN | IMTN | Rack 5-B | 03/28/2025 | Raghav Books Private Limited | 6099.60 | 2374 | 1 | 327.510 MOH | 33878 | 12/25/2025 | 06/28/2025 | 06/28/2025 | 33 | 02/14/2025 | Books | Rohan Santhosh (2023372) |